000
00258nam a22001217a 4500
003
SGT
082
_a
823
_b
HOS
100
_a
HOSSEINI KHALED
245
_a
A THOUSAND SPLENDID SUNS
260
_a
UK
_b
BLOOMSBURY PUB
_c
2007
300
_a
372
942
_2
ddc
_c
BK
999
_c
33703
_d
33703